Catálogo
 En Linea

Edgar Allan Poe : (Registro nro. 2950)

Detalles MARC
000 -CABECERA
campo de control de longitud fija 00872nam a2200253 a 4500
001 - NÚMERO DE CONTROL
campo de control 000003119
005 - FECHA Y HORA DE LA ÚLTIMA TRANSACCIÓN
campo de control 20200929150332.0
008 - DATOS DE LONGITUD FIJA--INFORMACIÓN GENERAL
campo de control de longitud fija 840227s1986 ag b 001 0 spa
020 ## - NÚMERO INTERNACIONAL ESTÁNDAR DEL LIBRO
Número Internacional Estándar del Libro 9509097608
040 ## - FUENTE DE LA CATALOGACIÓN
Centro catalogador/agencia de origen DO-SdBNP
Lengua de catalogación spa
Centro/agencia transcriptor BNPHU
082 ## - NÚMERO DE LA CLASIFICACIÓN DECIMAL DEWEY
Número de clasificación 818.309
Número de documento/Ítem K672e
100 1# - ENTRADA PRINCIPAL--NOMBRE DE PERSONA
Nombre de persona Knapp, Bettina Liebowitz,
Fechas asociadas al nombre 1926-
9 (RLIN) 9815
240 10 - TÍTULO UNIFORME
Título uniforme Edgar Allan Poe.
Lenguaje de la obra Español
245 10 - MENCIÓN DE TÍTULO
Título Edgar Allan Poe :
Resto del título o el sueño como realidad /
Mención de responsabilidad, etc. Bettina L. Knapp; traducción, Anibal Leal.
260 ## - PUBLICACIÓN, DISTRIBUCIÓN, ETC.
Lugar de publicación, distribución, etc. Buenos Aires :
Nombre del editor, distribuidor, etc. Fraterna,
Fecha de publicación, distribución, etc. 1986.
300 ## - DESCRIPCIÓN FÍSICA
Extensión 215 p. ;
Dimensiones 20 cm.
490 1# - MENCIÓN DE SERIE
Mención de serie Literatura y vida serie
504 ## - NOTA DE BIBLIOGRAFÍA, ETC.
Nota de bibliografía, etc. Bibliografía: p. 212-214.
650 #4 - PUNTO DE ACCESO ADICIONAL DE MATERIA--TÉRMINO DE MATERIA
Término de materia o nombre geográfico como elemento de entrada Literatura estadounidense
9 (RLIN) 263
650 #4 - PUNTO DE ACCESO ADICIONAL DE MATERIA--TÉRMINO DE MATERIA
Término de materia o nombre geográfico como elemento de entrada Autores americanos
Subdivisión cronológica SIGLO XIX
Subdivisión general Biografía
9 (RLIN) 9816
600 14 - PUNTO DE ACCESO ADICIONAL DE MATERIA--NOMBRE DE PERSONA
Nombre de persona POE,EDGAR ALLAN,
Fechas asociadas al nombre 1809-1849.
9 (RLIN) 9817
700 1# - PUNTO DE ACCESO ADICIONAL--NOMBRE DE PERSONA
Nombre de persona Leal, Anibal,
Término indicativo de función/relación tr.
9 (RLIN) 4573
830 #0 - PUNTO DE ACCESO ADICIONAL DE SERIE-TÍTULO UNIFORME
Título uniforme Literatura y vida serie
9 (RLIN) 9818
Existencias
Estado de retiro Estado de pérdida Restricciones de uso No para préstamo Código de colección Localización permanente Ubicación/localización actual Ubicación en estantería Fecha de adquisición Número de inventario Total de préstamos Signatura topográfica completa Código de barras Fecha visto por última vez Precio válido a partir de Tipo de ítem Koha Número de copia
      Excluido de préstamo Monografías: Libros y Folletos General General Depósito 06.07.2009 LF1   818.309 K672e 3119-10 25.06.2020 25.06.2020 No se presta  
  Extraviado   Excluido de préstamo Monografías: Libros y Folletos General General Extraviado 06.04.2017 LF1   818.309 K672e 3119-20 25.06.2020 25.06.2020 No se presta e. 2

Con tecnología Koha